Záložne a mimobankové zmenárne
Finančné služby záložní a mimobankových zmenární. Druhy a rozmiestnenie záložní v Bratislave. Právne aspekty zmenární. Vplyv cestovného ruchu, reklamy a konkurenčného prostredia.
Salvato in:
| Autore principale: | |
|---|---|
| Altri autori: | |
| Natura: | Capitolo di libro |
| Lingua: | slovacco |
| Soggetti: | |
| Tags: |
Nessun Tag, puoi essere il primo ad aggiungerne!!
|
MARC
| LEADER | 00000naa a2200000 4500 | ||
|---|---|---|---|
| 001 | r027059 | ||
| 005 | 20221130073317.7 | ||
| 041 | 0 | |a slo | |
| 044 | |a SK | ||
| 245 | 1 | 0 | |a Záložne a mimobankové zmenárne |c A. Petruľáková, R. Záhradník |
| 520 | |a Finančné služby záložní a mimobankových zmenární. Druhy a rozmiestnenie záložní v Bratislave. Právne aspekty zmenární. Vplyv cestovného ruchu, reklamy a konkurenčného prostredia. | ||
| 610 | 2 | 0 | |a záložne |
| 610 | 2 | 0 | |a zmenárne |
| 610 | 2 | 0 | |a služby finančné |
| 610 | 2 | 0 | |a marketing |
| 610 | 2 | 0 | |a banky |
| 610 | 2 | 0 | |a Bratislava |
| 610 | 2 | 0 | |a Slovensko |
| 610 | 2 | 0 | |a ruch cestovný |
| 610 | 2 | 0 | |a reklama |
| 610 | 2 | 0 | |a konkurencia |
| 100 | 1 | |a Petruľáková, A. | |
| 700 | 1 | |a Záhradník, R. | |